[Event "DOM-ch U20"]
[Site "Santo Domingo"]
[Date "2018.11.03"]
[Round "3"]
[White "Sosa Moran, Bryan Marc"]
[Black "Gomez Brito, Wander"]
[Result "1-0"]
[WhiteElo "1829"]
[BlackElo "1564"]
[PlyCount "71"]
[EventDate "2018.11.02"]
[EventType "swiss"]
[EventRounds "8"]
[EventCountry "DOM"]
[SourceTitle "EXT 2021"]
[Source "ChessBase"]
[SourceDate "2020.10.23"]
[SourceVersion "1"]
[SourceVersionDate "2020.10.23"]
[SourceQuality "1"]

1. d4 d5 2. Bf4 Nc6 3. Nf3 Nf6 4. e3 e6 5. Be2 Be7 6. h3 a6 7. 0-0 0-0 8. Nbd2 Bd6 9. Ne5 Bxe5 10. dxe5 Nd7 11. Nf3 f6 12. exf6 Qxf6 13. c4 dxc4 14. Bxc4 b5 15. Bb3 Nc5 16. Bg5 Qxb2 17. Bd5 Bb7 18. Bxc6 Bxc6 19. Be7 Bxf3 20. gxf3 Rf5 21. e4 Rh5 22. f4 g6 23. e5 Qc3 24. Qg4 Ne4 25. Rae1 Kf7 26. Re3 Qc4 27. Ba3 Nd2 28. Rc1 Qxa2 29. Rxc7+ Kg8 30. Rec3 Qb1+ 31. Bc1 Rf5 32. Qg2 Nb3 33. Qxa8+ Rf8 34. Qb7 g5 35. Rc2 Rxf4 36. Rg7+ 1-0

[Event "San Francisco de Macoris op"]
[Site "San Francisco de Macoris"]
[Date "2016.02.28"]
[Round "2"]
[White "Gomez Brito, Wander"]
[Black "Lantigua Naut, Carlos"]
[Result "1/2-1/2"]
[WhiteElo "1539"]
[BlackElo "2018"]
[PlyCount "113"]
[EventDate "2016.02.26"]
[EventType "swiss"]
[EventRounds "6"]
[EventCountry "DOM"]
[SourceTitle "CBM 171 Extra"]
[Source "ChessBase"]
[SourceDate "2016.04.26"]
[SourceVersion "1"]
[SourceVersionDate "2016.04.26"]
[SourceQuality "1"]

1. e4 e5 2. Nf3 Nf6 3. Nc3 Nc6 4. d3 Bc5 5. Bg5 h6 6. Bh4 g5 7. Bg3 d6 8. Be2 Nh5 9. Qd2 Be6 10. Nxe5 Nxg3 11. Nxc6 bxc6 12. fxg3 Rb8 13. b3 Qf6 14. Rf1 Qg7 15. 0-0-0 Bb4 16. Kb2 d5 17. a3 Ba5 18. exd5 Bxd5 19. d4 0-0 20. Qd3 Bxc3+ 21. Qxc3 Bxg2 22. Rf2 Bd5 23. Bc4 Rbd8 24. Bxd5 Rxd5 25. Rfd2 Qf6 26. Qd3 Rf5 27. Re1 c5 28. c3 Rd8 29. Rde2 Rf2 30. Rxf2 Qxf2+ 31. Re2 Qf6 32. Rd2 cxd4 33. cxd4 c5 34. Ka2 Rxd4 35. Qe3 Rxd2+ 36. Qxd2 Kg7 37. a4 Qd4 38. Qe2 Kf6 39. Qf3+ Ke6 40. Qc6+ Qd6 41. Qe4+ Kf6 42. Qf3+ Kg6 43. Qe4+ f5 44. Qe8+ Kg7 45. Qe2 g4 46. Qb2+ Qd4 47. Qe2 Kf6 48. Qg2 Qe4 49. Qb2+ Qd4 50. Qg2 Ke5 51. Qe2+ Qe4 52. Qb2+ Kd5 53. Qd2+ Kc6 54. Qxh6+ Kd5 55. Qd2+ Ke5 56. Qb2+ Kd5 57. Qd2+ 1/2-1/2

[Event "San Francisco de Macoris op"]
[Site "San Francisco de Macoris"]
[Date "2016.02.26"]
[Round "1"]
[White "Gomez Brito, Wander"]
[Black "Lizardo Cruz, Carlos Raul"]
[Result "0-1"]
[WhiteElo "1539"]
[BlackElo "2065"]
[PlyCount "88"]
[EventDate "2016.02.26"]
[EventType "swiss"]
[EventRounds "6"]
[EventCountry "DOM"]
[SourceTitle "CBM 171 Extra"]
[Source "ChessBase"]
[SourceDate "2016.04.26"]
[SourceVersion "1"]
[SourceVersionDate "2016.04.26"]
[SourceQuality "1"]

1. e4 Nc6 2. Nf3 e5 3. Bc4 Nf6 4. d3 h6 5. Nc3 Bc5 6. 0-0 d6 7. Be3 Bg4 8. Bxc5 dxc5 9. h3 Bh5 10. Nd5 0-0 11. c3 Kh8 12. Qe2 Rb8 13. Qe3 b6 14. Nh2 Qd6 15. Nxf6 Qxf6 16. f4 b5 17. Bd5 exf4 18. Rxf4 Qd6 19. Raf1 f6 20. Rh4 Bg6 21. Rxh6+ gxh6 22. Qxh6+ Bh7 23. Ng4 Rbe8 24. Rxf6 Qe7 25. Rxf8+ Rxf8 26. Bxc6 Qd6 27. Qxd6 cxd6 28. Bxb5 Rb8 29. Bc4 Rxb2 30. Nh6 Kg7 31. Nf5+ Bxf5 32. exf5 Kf6 33. g4 Kg5 34. Kf1 Rh2 35. Kg1 Rxh3 36. Kg2 Rh4 37. Be6 Rxg4+ 38. Kf3 Rh4 39. Ke3 Kf6 40. Kd2 Ke5 41. Ke3 d5 42. c4 d4+ 43. Kd2 Rh2+ 44. Kc1 Rxa2 0-1